Шампанско и диаманти (Запис номер 8657)
[ съкратено ]
| 000 -Лидер | |
|---|---|
| Контролно поле с фиксирана дължина | 01148nam a2200313 c 4500 |
| 003 - Код на организацията, давaща контролен номер | |
| Контролно поле | BLK |
| 005 - Дата и час на последна редакция | |
| Контролно поле | 20180422093958.0 |
| 008 - Елементи от данни с фиксирана дължина | |
| fixed length control field | 180412b bul|||||r ||||||| ||bul|| |
| 010 ## - Наследен системен номер | |
| LC control number | KNG00010017000 |
| 040 ## - Източник на каталожния запис | |
| Идентификатор на билиотеката - собственик на записа | BLK |
| 041 ## - Код за език | |
| Код за езика на текст/звукозапис или на отделно заглавие | Български |
| Код за езика КДБФ | Български |
| 080 ## - УДК | |
| Текстов определител УДК | Американска литература (на САЩ) |
| УДК код - определител по УДК | 821.111(73) |
| УДК определител | -31 |
| УДК - код + определител | 821.111(73)-31 |
| 100 1# - Редна дума - Автор | |
| Автор | Тръмп, Ивана |
| Авторска отговорност | първи автор |
| R(LIN) | 253683 |
| 139 ## - Редно поле | |
| Редна дума | Тръмп, Ивана |
| Авторски знак | Тру - Т 87 |
| 245 10 - Сведения за заглавието | |
| Заглавие | Шампанско и диаманти |
| Подзаглавни данни | Роман |
| Редно поле (дума) | Ивана Тръмп; прев. Камелия Вълова; прев. Станимир Йотов. |
| 257 ## - Страна на издаване | |
| Страна на създаване/издаване | Съединени американски щати |
| 260 ## - Област на издателските данни | |
| -- | София |
| Име на издателя, разпространителя и проч. | Прозорец |
| Година на издаване | 1995 |
| 300 ## - Физическа характеристика | |
| Страници | 448 с. |
| Размери/Мащаб | 20 см |
| 380 ## - Жанр | |
| Жанр | Худож. лит. |
| 490 1# - СЕРИИ (Колекции) | |
| Име на серия | Поредица Блясък |
| 500 ## - Общи забележки | |
| Забележка | Ориг. загл. Free to Love / Ivana Trump. - 5 000 тир. |
| 700 1# - Други автори (авторска отговорност) | |
| Лично име | Вълова, Камелия |
| Автороска отговорност (Описва отношението между автора и произведението) | прев. |
| 9 (RLIN) | 364213 |
| 700 1# - Други автори (авторска отговорност) | |
| Лично име | Йотов, Станимир |
| Автороска отговорност (Описва отношението между автора и произведението) | прев. |
| 9 (RLIN) | 364214 |
| 852 ## - Местоположение | |
| Форматна сигнатура | Цб 184896 |
| 856 4# - Електронен адрес и достъп | |
| Електронен формат | pdf - файл |
| Път до файла /url/ | |
| 856 4# - Електронен адрес и достъп | |
| Електронен формат | pdf - файл |
| Път до файла /url/ | |
| 942 ## - АРТИКУЛИ | |
| Вид на библиотечния материал | Книги |
| Скрит в OPAC | Не |
| 944 ## - СЪЗДАВАНЕ И РЕДАКЦИЯ на ЗАПИСА | |
| Създаване/Редакция | Създаване |
| Дата на регистрацията/редакция | 15.01.2003 |
| Служител, извършил регистрацията/редакцията | Людмила_Стоянова |
| 944 ## - СЪЗДАВАНЕ И РЕДАКЦИЯ на ЗАПИСА | |
| Създаване/Редакция | Редакция |
| Дата на регистрацията/редакция | 15.07.2005 |
| Служител, извършил регистрацията/редакцията | |
| 999 ## - СИСТЕМНИ КОНТРОЛНИ НОМЕРА | |
| Koha biblionumber | 8657 |
| Koha biblioitemnumber | 8657 |
| Код за отписване | Код за изгубен артикул | Източник на класификационната схема | Код за повреда | Коз за рестрикции | Код за отдаване | Артикулен № | Име на библиотеката - собственик | Име на библиотеката, в която се намира в момента | Статус (Текущо местоположение) | Дата на вписване в системата | Местоположение - отдел | Цена в лева | Инвентарен номер | Систематично азбучна сигнатура | Баркод | Номер на екземпляра | Цена в евро | Служебна бележка | Служебен тип на артикула |
|---|---|---|---|---|---|---|---|---|---|---|---|---|---|---|---|---|---|---|---|
| Изтеглен | Не е изгубен | Universal Decimal Classification | Не е повреден | без рестрикции | заемане за дома | 15056 | Регионална библиотека "Любен Каравелов" Русе | Регионална библиотека "Любен Каравелов" Русе | Заемна - подръчен фонд | 2001-01-01 | Заемна - подръчен фонд | 1.35 | 616902 | П 820(73)-31/Т 87 | 616902 | 1 | 0.69 | Дост: Pk Вид: Ф N: стар фонд Дата: 01.01.1995 | Книги |
| Изтеглен | Не е изгубен | Universal Decimal Classification | Не е повреден | без рестрикции | заемане за дома | 15057 | Регионална библиотека "Любен Каравелов" Русе | Регионална библиотека "Любен Каравелов" Русе | Заемна - подръчен фонд | 2001-01-01 | Заемна - подръчен фонд | 1.35 | 616904 | П 820(73)-31/Т 87 | 616904 | 2 | 0.69 | Дост: Pk Вид: Ф N: стар фонд Дата: 01.01.1995 | Книги |
| Изтеглен | Не е изгубен | Universal Decimal Classification | Не е повреден | без рестрикции | заемане за дома | 15058 | Регионална библиотека "Любен Каравелов" Русе | Регионална библиотека "Любен Каравелов" Русе | Заемна - подръчен фонд | 2001-01-01 | Заемна - подръчен фонд | 1.35 | 616905 | П 820(73)-31/Т 87 | 616905 | 3 | 0.69 | Дост: Pk Вид: Ф N: стар фонд Дата: 01.01.1995 | Книги |
| Не е изгубен | Universal Decimal Classification | Не е повреден | без рестрикции | ползва се в читалня | 15059 | Регионална библиотека "Любен Каравелов" Русе | Регионална библиотека "Любен Каравелов" Русе | Хранилище | 1995-01-01 | Хранилище | 1.35 | 618596 | Цб 184896 | 120000618596 | 4 | 0.69 | Дост: Dp Вид: Д N: стар фонд Дата: 01.01.1995 Дата инв: 19.08.2014 Бележки инв: Цб2014 | Книги |